000 00634nam a2200217 4500
003 OSt
005 20240722072853.0
006 a
008 240722b |||||||| |||| 00| 0 eng d
020 _a97073607212
040 _aDWCL-Main lib.
_cOC
082 _aCirc. 796.334092 L317c 2009
100 _aLaPrath, Debra
245 _aCoaching girls soccer successfully /
260 _aChampaign, Ill. :
_bHuman Kinetics,
_cc2009.
300 _axi,
_b191 p. : ill. ;
_c28 cm.
504 _aIncludes index.
650 _a1. Soccer for women-Coaching.
650 _a2. Soccer for children-Coaching.
942 _2ddc
_n0
_cBK-CIRC
_kCirc.
999 _c2539
_d2539